Revalorización de activos / Consejo Económico Sindical Provincial de Barcelona, Sección de Política Fiscal
Descripción Física:
91 p. ; 22 cm
Materias:
Espanya -- Política fiscal
MARC
| LEADER | 00000nam a2200000Ia 4500 | ||
|---|---|---|---|
| 001 | 14071 | ||
| 008 | 160829s1957 xx 000 0 cat d | ||
| 080 | |a M-4-111 | ||
| 245 | |a Revalorización de activos / Consejo Económico Sindical Provincial de Barcelona, Sección de Política Fiscal | ||
| 260 | |a Barcelona : |b el Consejo, |c 1957 | ||
| 300 | |a 91 p. ; |c 22 cm | ||
| 650 | |a Espanya |x Política fiscal |9 27307 | ||
| 700 | |a Consejo Económico Sindical Provincial de Barcelona. Sección de Política Fiscal |9 27308 | ||
| 901 | |a Arxiu | ||
| 942 | |n 1 | ||
| 952 | |0 0 |1 0 |4 0 |6 M4111 |7 1 |9 44345 |a Arxiu |b Arxiu |d 2016-12-01 |l 0 |o M-4-111 |p 14071 |r 2016-12-01 00:00:00 |w 2016-12-01 |y ARXIU | ||
| 999 | |c 46926 |d 46926 | ||